TV Show Commonalities Quiz Stats

 Plays Quiz Updated Dec 19, 2018

Support Sporcle.
Go Orange.
Score 0/36 Timer 08:00
0 Plays Today
Show Actor/Actress % Correct
Doogie Howser M.D.Neil Patrick Harris
70.1%
Lois & ClarkTeri Hatcher
68.2%
Spin CityCharlie Sheen
65.1%
CheersKelsey Grammer
63.5%
SeinfeldJulia Louis-Dreyfus
62.3%
FriendsMatthew Perry
61.6%
Married.. with ChildrenChristina Applegate
60.3%
Three's CompanyJohn Ritter
59.7%
Clarissa Explains It AllMelissa Joan Hart
57.3%
SeinfeldJerry Stiller
54.9%
Just Shoot MeDavid Spade
52.7%
Ally McBealCalista Flockhart
52.6%
Party of FiveJennifer Love Hewitt
48.9%
Suddenly SusanBrooke Shields
46.3%
Party of FiveMatthew Fox
44.4%
Happy DaysRon Howard or Henry Winkler
38%
Buffy the Vampire SlayerAlyson Hannigan
38%
Dawson's CreekJoshua Jackson
33.7%
Show Actor/Actress % Correct
Everybody Loves RaymondBrad Garrett
33.5%
Charles in ChargeScott Baio
33.4%
RoseanneSarah Chalke
32.1%
West WingRob Lowe
28.5%
WingsTony Shalhoub
25.9%
Saved by the BellMark-Paul Gosselaar
20.9%
Full HouseLori Loughlin
19.6%
Judging AmyAmy Brenneman
18.8%
Lonesome DoveEric McCormack
16.8%
Arli$$Sandra Oh
16.4%
NewsRadioMaura Tierney
16%
Early EditionKyle Chandler
13.9%
J.A.G.Catherine Bell
13.5%
EdTom Cavanagh
12.5%
24Dennis Haysbert
12.4%
Night CourtJohn Larroquette
11%
Less Than PerfectZachary Levi
8%
The O.C.Alan Dale
3.6%

From the Vault

Phenomenal Weather Pictures

by NYYanks

Science 4m
Weather is a wild thing, as this quiz proves.
Remove Ads.
Support Sporcle.
Get the best of Sporcle when you Go Orange. This ad-free experience offers more features, more stats, and more fun while also helping to support Sporcle. Thank you for becoming a member.

Show Comments

Extras

Top Quizzes Today


Score Distribution

Your Account Isn't Verified!

In order to create a playlist on Sporcle, you need to verify the email address you used during registration. Go to your Sporcle Settings to finish the process.

Report this User

Report this user for behavior that violates our Community Guidelines.

Details: